000 00427nam a2200181Ia 4500
008 230524s9999 xx 000 0 und d
020 _a9788120348691
082 _bSCH
100 _aDaniel L.Schodek
_942875
245 0 _aStructures
250 _a7
260 _aNew Delhi
_bPHI
_c2014
300 _a"XIII,545p:"
500 _aQuantity Number: 1
650 _aCivil
700 _aMartin Bechthold
_942876
942 _cBK
999 _c57848
_d57848